Statistics for Guess The Weapons

Click here to take the quiz!

General Stats

  • This quiz has been taken 112 times
  • The average score is 22 of 36

Answer Stats

Answer% Correct
Knife
98%
Hammer
88%
Sword
87%
Chainsaw
84%
Grenade
84%
Axe
83%
Bomb
83%
Fork
79%
Lightsaber
79%
Katana
78%
Gun
76%
Key
76%
Saw
75%
Crowbar
74%
Baseball Bat
73%
Spear
73%
Nail
71%
Scissors
70%
Wrench
68%
Screwdriver
66%
Claws
63%
TNT
62%
Trident
59%
Machete
58%
Sledgehammer
57%
Scythe
52%
Mace
48%
Slingshot
46%
Drill
43%
Needles
40%
Glass Shard
39%
Blade
25%
Shears
18%
Spanner
13%
Butcher Knife
11%
Brace Knuckles
0%

Score Distribution

Percentile by Number Answered

Percent of People with Each Score

Your Score History

You have not taken this quiz